| 000 | 01091nac a22003017a 4500 | ||
|---|---|---|---|
| 001 | BR8801001 | ||
| 003 | BR-BrBNA | ||
| 005 | 20240105120721.0 | ||
| 008 | 230509b bl.|||m| |||| 00| 0 por d | ||
| 040 |
_aBR-BrBNA _bpor _cBiblioteca Nacional de Agricultura |
||
| 072 | _aF08 | ||
| 090 | _a1440 BR8801001 | ||
| 100 | 1 | _aRibeiro, V.A. | |
| 100 | 1 | _aSilva, E.C. da | |
| 100 | 1 | _aAndrade, D.F. de | |
| 110 | 1 | _aUnidade de Execucao de Pesquisa de Ambito Estadual de Teresina, PI (Brasil) | |
| 245 | 1 | _aTamanho e forma de parcelas em experimentos com feijoeiro macassar consorciado com mandioca | |
| 246 | 1 | _a[Experiences with cowpeas in multiple cropping with manioc] | |
| 260 | 3 |
_aTeresina, PI (Brasil): _c1986. |
|
| 300 | _a20 p. | ||
| 490 |
_aBoletim de Pesquisa - Unidade de Execucao de Pesquisa de Ambito Estadual de Teresina (Brazil) _vno. 9 _xISSN 0102-6038 |
||
| 500 | _a11 ref.; Summaries (En,Pt) | ||
| 650 | _aFEIJAO DE CORDA | ||
| 650 | _aMANDIOCA | ||
| 650 | _aCONSORCIACAO DE CULTURA | ||
| 909 |
_a202312 _bLúcia Elande _c55 _dLúcia Elande |
||
| 942 |
_2AGRIS _n0 _cMS |
||
| 999 |
_c281052 _d281052 |
||